[Event "FICGS class E 000157 email"]
[Site "FICGS email"]
[Date "2012.11.24"]
[Round "1"]
[White "Jacobs, Francois"]
[Black "Goti, Javier"]
[Result "1-0"]
[WhiteElo "1425"]
[BlackElo "1243"]
[PlyCount "59"]
[EventDate "2012.??.??"]
[EventType "tourn (corr)"]
[EventRounds "5"]
[SourceTitle "Corr 2022"]
[Source "ChessBase"]
[SourceDate "2021.10.24"]
[SourceVersion "1"]
[SourceVersionDate "2021.10.24"]
[SourceQuality "1"]

1. e4 c5 2. Nf3 Nc6 3. c3 g6 4. d4 d6 5. Be3 cxd4 6. cxd4 Bg7 7. Be2 Nf6 8. Nc3 0-0 9. 0-0 Ng4 10. Bg5 f5 11. exf5 Rxf5 12. Bd3 Rf8 13. h3 Nf6 14. Re1 a6 15. Bc4+ d5 16. Bxf6 exf6 17. Bxd5+ Kh8 18. a3 Ne7 19. Bb3 Qd6 20. Ne4 Qd8 21. Rc1 f5 22. Neg5 Nd5 23. Ne5 Qxg5 24. Bxd5 Bxe5 25. Rxe5 Rb8 26. Rc7 Rd8 27. Bf3 Qf4 28. Ree7 Bd7 29. Rcxd7 Rbc8 30. Rxh7+ 1-0

[Event "FICGS class E 000157 email"]
[Site "FICGS email"]
[Date "2012.11.24"]
[Round "1"]
[White "Jacobs, Francois"]
[Black "Piantadosi, Angelo"]
[Result "1-0"]
[WhiteElo "1425"]
[BlackElo "1319"]
[PlyCount "53"]
[EventDate "2012.??.??"]
[EventType "tourn (corr)"]
[EventRounds "5"]
[SourceTitle "Corr 2022"]
[Source "ChessBase"]
[SourceDate "2021.10.24"]
[SourceVersion "1"]
[SourceVersionDate "2021.10.24"]
[SourceQuality "1"]

1. d4 d5 2. c4 e6 3. Nc3 Nf6 4. Nf3 Be7 5. Qc2 0-0 6. e3 dxc4 7. Bxc4 c5 8. 0-0 Nc6 9. Rd1 cxd4 10. exd4 Qc7 11. a3 b6 12. Nb5 Qb8 13. Ba2 Bb7 14. Bb1 g6 15. Be3 a6 16. Nc3 Ng4 17. Bc1 Na5 18. d5 exd5 19. Nxd5 Bxd5 20. Rxd5 Rc8 21. Qd1 Rd8 22. Ba2 Rxd5 23. Bxd5 Qd6 24. Bf4 Qxf4 25. Bxa8 Bd6 26. g3 Qh6 27. Qxd6 1-0

[Event "FICGS rapid D 000069 email"]
[Site "FICGS email"]
[Date "2012.06.03"]
[Round "1"]
[White "Brulland, Emmanuel"]
[Black "Jacobs, Francois"]
[Result "0-1"]
[WhiteElo "1436"]
[BlackElo "1412"]
[PlyCount "80"]
[EventDate "2012.??.??"]
[EventType "tourn (rapid)"]
[EventRounds "5"]
[SourceTitle "Corr 2022"]
[Source "ChessBase"]
[SourceDate "2021.10.24"]
[SourceVersion "1"]
[SourceVersionDate "2021.10.24"]
[SourceQuality "1"]

1. b3 e5 2. Bb2 Nc6 3. g3 d5 4. e3 Nf6 5. Bg2 Bd6 6. Ne2 0-0 7. 0-0 Re8 8. d3 Ne7 9. Nd2 c6 10. a3 Ng6 11. h3 Be6 12. Re1 Qc8 13. Kh2 Qd7 14. Rf1 Qc7 15. Nf3 h6 16. Nd2 Nd7 17. f4 f5 18. Ng1 Ne7 19. Rf2 d4 20. fxe5 Nxe5 21. Bxd4 Ng4+ 22. hxg4 Bxg3+ 23. Kh1 Bxf2 24. gxf5 Nxf5 25. Nf1 Nxd4 26. exd4 Bxd4 27. Rb1 Qe7 28. a4 Rf8 29. Qe2 Qh4+ 30. Nh2 Bg4 31. Bf3 Bxg1 32. Kxg1 Bxf3 33. Nxf3 Qg3+ 34. Qg2 Qxf3 35. Qxf3 Rxf3 36. Kg2 Raf8 37. Rc1 R3f5 38. Kg1 R8f6 39. Kg2 Rg6+ 40. Kh3 Rh5# 0-1

[Event "FICGS class E 000150 email"]
[Site "FICGS email"]
[Date "2012.04.06"]
[Round "1"]
[White "Martinez Camacho, Victor Hugo"]
[Black "Jacobs, Francois"]
[Result "0-1"]
[WhiteElo "1213"]
[BlackElo "1335"]
[PlyCount "70"]
[EventDate "2012.??.??"]
[EventType "tourn (corr)"]
[EventRounds "5"]
[SourceTitle "Corr 2022"]
[Source "ChessBase"]
[SourceDate "2021.10.24"]
[SourceVersion "1"]
[SourceVersionDate "2021.10.24"]
[SourceQuality "1"]

1. e4 e5 2. Nf3 Nc6 3. Bb5 a6 4. Ba4 Nf6 5. 0-0 Be7 6. Bxc6 dxc6 7. d3 Nd7 8. Be3 0-0 9. Nbd2 b5 10. Nb3 c5 11. c4 Bd6 12. h3 bxc4 13. dxc4 Bb7 14. Qc2 Nf6 15. Nh2 Bxe4 16. Qd2 Bg6 17. Rfd1 Ne4 18. Qe1 f5 19. Bd2 Qd7 20. Nf1 f4 21. f3 Nf6 22. Bc3 Qf7 23. Qe2 Rae8 24. Rd2 e4 25. fxe4 Nxe4 26. Qd1 Nxd2 27. Nfxd2 Bh5 28. Qf1 Be2 29. Qf2 Qh5 30. Rc1 f3 31. g4 Qxh3 32. Ra1 Qxg4+ 33. Kh1 Rf5 34. Nf1 Bxf1 35. Rxf1 Rh5+ 0-1

[Event "FICGS class E 000149 email"]
[Site "FICGS email"]
[Date "2012.03.04"]
[Round "1"]
[White "Stoyanov, Zdravko"]
[Black "Jacobs, Francois"]
[Result "0-1"]
[WhiteElo "1238"]
[BlackElo "1335"]
[PlyCount "68"]
[EventDate "2012.??.??"]
[EventType "tourn (corr)"]
[EventRounds "5"]
[SourceTitle "Corr 2022"]
[Source "ChessBase"]
[SourceDate "2021.10.24"]
[SourceVersion "1"]
[SourceVersionDate "2021.10.24"]
[SourceQuality "1"]

1. e4 e5 2. Nf3 Nc6 3. Bb5 a6 4. Bxc6 dxc6 5. h3 Bd6 6. a3 Nf6 7. d3 0-0 8. 0-0 c5 9. Bg5 h6 10. Bh4 c6 11. Re1 g5 12. Bg3 Qc7 13. Nbd2 b5 14. c4 Be6 15. b3 Nh5 16. Bh2 Nf4 17. Bxf4 gxf4 18. Nh4 Qd7 19. Qh5 Kh7 20. Ndf3 Qe7 21. Nf5 Bxf5 22. Qxf5+ Kh8 23. Qh5 Kh7 24. Nh4 Qf6 25. Rf1 Rg8 26. g4 Rg5 27. Qxg5 Qxg5 28. Nf3 Qe7 29. h4 Rg8 30. g5 hxg5 31. hxg5 Rxg5+ 32. Nxg5+ Qxg5+ 33. Kh2 f3 34. Rh1 Qg2# 0-1

[Event "FICGS rapid E 000076 email"]
[Site "FICGS email"]
[Date "2012.02.23"]
[Round "1"]
[White "Bromo, Alexis"]
[Black "Jacobs, Francois"]
[Result "0-1"]
[WhiteElo "1193"]
[BlackElo "1266"]
[PlyCount "20"]
[EventDate "2012.??.??"]
[EventType "tourn (rapid)"]
[EventRounds "6"]
[SourceTitle "Corr 2022"]
[Source "ChessBase"]
[SourceDate "2021.10.24"]
[SourceVersion "1"]
[SourceVersionDate "2021.10.24"]
[SourceQuality "1"]

1. d4 Nf6 2. c4 g6 3. Nc3 Bg7 4. e3 0-0 5. Nf3 d6 6. h4 Bg4 7. Be2 Re8 8. Qc2 Nc6 9. Ng5 Bf5 10. Bd3 Nb4 0-1

[Event "FICGS rapid E 000076 email"]
[Site "FICGS email"]
[Date "2012.02.23"]
[Round "1"]
[White "Jacobs, Francois"]
[Black "Cavaille, Cedric"]
[Result "1-0"]
[WhiteElo "1266"]
[BlackElo "969"]
[PlyCount "45"]
[EventDate "2012.??.??"]
[EventType "tourn (rapid)"]
[EventRounds "6"]
[SourceTitle "Corr 2022"]
[Source "ChessBase"]
[SourceDate "2021.10.24"]
[SourceVersion "1"]
[SourceVersionDate "2021.10.24"]
[SourceQuality "1"]

1. e4 c5 2. c3 d6 3. Nf3 Nf6 4. Be2 e6 5. 0-0 Be7 6. Re1 0-0 7. Bf1 a6 8. d4 cxd4 9. cxd4 d5 10. e5 Nfd7 11. Nc3 b5 12. a3 Nc6 13. b4 Nb6 14. Qc2 a5 15. Nxb5 axb4 16. Qxc6 Bd7 17. Qc2 bxa3 18. Bxa3 Bxa3 19. Nxa3 Qc8 20. Qd3 Nc4 21. Ng5 g6 22. Qh3 Nxa3 23. Qxh7# 1-0

[Event "FICGS rapid E 000076 email"]
[Site "FICGS email"]
[Date "2012.02.23"]
[Round "1"]
[White "Jacobs, Francois"]
[Black "Neil, Charles"]
[Result "1-0"]
[WhiteElo "1266"]
[BlackElo "1142"]
[PlyCount "49"]
[EventDate "2012.??.??"]
[EventType "tourn (rapid)"]
[EventRounds "6"]
[SourceTitle "Corr 2022"]
[Source "ChessBase"]
[SourceDate "2021.10.24"]
[SourceVersion "1"]
[SourceVersionDate "2021.10.24"]
[SourceQuality "1"]

1. e4 e6 2. d3 c5 3. Nd2 Nc6 4. Ngf3 Nge7 5. g3 g6 6. Bg2 Bg7 7. Qe2 0-0 8. c3 b5 9. 0-0 Ne5 10. Nxe5 Bxe5 11. f4 Bg7 12. e5 Rb8 13. Ne4 Qc7 14. Qf2 Nf5 15. g4 Ne7 16. Nf6+ Kh8 17. Qh4 h6 18. f5 Qxe5 19. Ne4 exf5 20. Bf4 Qd5 21. Bxb8 Qxd3 22. Qxe7 Qe3+ 23. Kh1 c4 24. gxf5 a6 25. f6 1-0

[Event "FICGS class E 000148 email"]
[Site "FICGS email"]
[Date "2012.02.03"]
[Round "1"]
[White "Jacobs, Francois"]
[Black "Budnar, Milos"]
[Result "1/2-1/2"]
[WhiteElo "1266"]
[BlackElo "1334"]
[PlyCount "51"]
[EventDate "2012.??.??"]
[EventType "tourn (corr)"]
[EventRounds "5"]
[SourceTitle "Corr 2022"]
[Source "ChessBase"]
[SourceDate "2021.10.24"]
[SourceVersion "1"]
[SourceVersionDate "2021.10.24"]
[SourceQuality "1"]

1. e4 e5 2. Nf3 Nc6 3. Bc4 Nf6 4. d4 d5 5. exd5 Nxd5 6. Bb5 exd4 7. Qxd4 Qd7 8. Bxc6 bxc6 9. 0-0 Ne7 10. Qe3 Qe6 11. Nc3 Qxe3 12. Bxe3 Be6 13. Rfd1 Nd5 14. Nxd5 Bxd5 15. Nd4 Bd6 16. b3 0-0 17. c4 Be4 18. Rac1 c5 19. Nb5 Rfd8 20. Nxd6 cxd6 21. Rd2 d5 22. cxd5 Rxd5 23. Rxd5 Bxd5 24. Rxc5 Be6 25. Ra5 a6 26. Bc5 1/2-1/2

[Event "FICGS class E 000148 email"]
[Site "FICGS email"]
[Date "2012.02.03"]
[Round "1"]
[White "Pipac, Darko"]
[Black "Jacobs, Francois"]
[Result "1-0"]
[WhiteElo "1370"]
[BlackElo "1266"]
[PlyCount "47"]
[EventDate "2012.??.??"]
[EventType "tourn (corr)"]
[EventRounds "5"]
[SourceTitle "Corr 2022"]
[Source "ChessBase"]
[SourceDate "2021.10.24"]
[SourceVersion "1"]
[SourceVersionDate "2021.10.24"]
[SourceQuality "1"]

1. e4 c5 2. Nf3 e6 3. Nc3 Nc6 4. d4 cxd4 5. Nxd4 Nf6 6. Bg5 a6 7. Bc4 Be7 8. Nxc6 bxc6 9. 0-0 Qc7 10. Re1 d6 11. Qf3 e5 12. Rad1 Bg4 13. Qd3 Bc8 14. Bxf6 gxf6 15. Qg3 Bf8 16. b3 Be6 17. Bxe6 fxe6 18. Qg4 Qf7 19. Na4 Rb8 20. c4 c5 21. Nc3 Rg8 22. Qf3 Be7 23. g3 Bd8 24. Rxd6 1-0

[Event "FICGS rapid E 000074 email"]
[Site "FICGS email"]
[Date "2012.01.23"]
[Round "1"]
[White "Dsouza, Stanislaus"]
[Black "Jacobs, Francois"]
[Result "0-1"]
[WhiteElo "1180"]
[BlackElo "1266"]
[PlyCount "28"]
[EventDate "2012.??.??"]
[EventType "tourn (rapid)"]
[EventRounds "6"]
[SourceTitle "Corr 2022"]
[Source "ChessBase"]
[SourceDate "2021.10.24"]
[SourceVersion "1"]
[SourceVersionDate "2021.10.24"]
[SourceQuality "1"]

1. e4 e5 2. Nf3 Nc6 3. Bb5 a6 4. Ba4 Nf6 5. d3 b5 6. Bb3 Bb7 7. Be3 d5 8. exd5 Nxd5 9. Nc3 Nxc3 10. bxc3 Bd6 11. 0-0 0-0 12. Ng5 Qf6 13. Qg4 Qg6 14. Qg3 Ne7 0-1

[Event "FICGS rapid E 000074 email"]
[Site "FICGS email"]
[Date "2012.01.23"]
[Round "1"]
[White "Jacobs, Francois"]
[Black "Cavaille, Cedric"]
[Result "1-0"]
[WhiteElo "1266"]
[BlackElo "969"]
[PlyCount "41"]
[EventDate "2012.??.??"]
[EventType "tourn (rapid)"]
[EventRounds "6"]
[SourceTitle "Corr 2022"]
[Source "ChessBase"]
[SourceDate "2021.10.24"]
[SourceVersion "1"]
[SourceVersionDate "2021.10.24"]
[SourceQuality "1"]

1. d4 g6 2. e4 d6 3. Nc3 Bg7 4. f4 e5 5. Be3 exf4 6. Bxf4 Nf6 7. Nf3 0-0 8. Bd3 c6 9. 0-0 Nbd7 10. Bxd6 Re8 11. e5 Nd5 12. Ne4 Re6 13. Nfg5 Re8 14. Qe2 Bf8 15. Nxf7 Qb6 16. c3 Bxd6 17. Nh6+ Kg7 18. Rf7+ Kxh6 19. Qd2+ Kh5 20. Rxh7+ Kg4 21. Qg5# 1-0

[Event "FICGS rapid E 000074 email"]
[Site "FICGS email"]
[Date "2012.01.23"]
[Round "1"]
[White "Leurette, Marc Antoine"]
[Black "Jacobs, Francois"]
[Result "0-1"]
[WhiteElo "1287"]
[BlackElo "1266"]
[PlyCount "56"]
[EventDate "2012.??.??"]
[EventType "tourn (rapid)"]
[EventRounds "6"]
[SourceTitle "Corr 2022"]
[Source "ChessBase"]
[SourceDate "2021.10.24"]
[SourceVersion "1"]
[SourceVersionDate "2021.10.24"]
[SourceQuality "1"]

1. e4 c5 2. Nc3 Nc6 3. Nf3 d6 4. Bb5 Bd7 5. 0-0 g6 6. d3 Bg7 7. Bf4 Nf6 8. Bxc6 bxc6 9. d4 cxd4 10. Nxd4 Qb8 11. b3 e5 12. Bxe5 dxe5 13. Nf3 0-0 14. Rb1 Rd8 15. Qe2 Qb4 16. Na4 Nxe4 17. c3 Nxc3 18. Nxc3 Qxc3 19. Rbc1 Qa5 20. a4 Rab8 21. Rb1 Bf5 22. Rbc1 Rxb3 23. Rxc6 Qxa4 24. Ra6 Qd7 25. Nxe5 Bxe5 26. Qxe5 Bd3 27. Rd1 Bxa6 28. Rxd7 Rb1+ 0-1

[Event "FICGS rapid E 000073 email"]
[Site "FICGS email"]
[Date "2012.01.18"]
[Round "1"]
[White "Jacobs, Francois"]
[Black "Cavaille, Cedric"]
[Result "1-0"]
[WhiteElo "1266"]
[BlackElo "969"]
[PlyCount "107"]
[EventDate "2012.??.??"]
[EventType "tourn (rapid)"]
[EventRounds "6"]
[SourceTitle "Corr 2022"]
[Source "ChessBase"]
[SourceDate "2021.10.24"]
[SourceVersion "1"]
[SourceVersionDate "2021.10.24"]
[SourceQuality "1"]

1. d4 g6 2. Nf3 Bg7 3. e3 Nf6 4. Bd3 d6 5. Nbd2 0-0 6. h3 Nc6 7. c3 e5 8. Qc2 exd4 9. Nxd4 Nxd4 10. cxd4 a6 11. 0-0 b5 12. e4 Qe7 13. Re1 c5 14. dxc5 dxc5 15. b3 b4 16. Bb2 a5 17. Nc4 Qc7 18. Rad1 Re8 19. Qd2 Be6 20. f4 a4 21. f5 gxf5 22. exf5 Bd7 23. Bb1 Rxe1+ 24. Rxe1 axb3 25. axb3 Re8 26. Rxe8+ Bxe8 27. g4 Qg3+ 28. Qg2 Qxg2+ 29. Kxg2 Nd5 30. Bxg7 Kxg7 31. h4 f6 32. Kf3 h6 33. Bd3 h5 34. Nd6 hxg4+ 35. Kxg4 Ne3+ 36. Kf3 Nd5 37. Nxe8+ Kf8 38. Bc4 Kxe8 39. Bxd5 Kf8 40. Ke3 Kg7 41. Kd3 Kh6 42. Kc4 Kh5 43. Kxc5 Kxh4 44. Kxb4 Kg4 45. Be6 Kf4 46. Kc5 Ke5 47. b4 Ke4 48. b5 Ke5 49. b6 Kf4 50. b7 Kg5 51. b8Q Kh6 52. Qg3 Kh5 53. Bf7+ Kh6 54. Qg6# 1-0

[Event "FICGS class E 000146 email"]
[Site "FICGS email"]
[Date "2011.12.20"]
[Round "1"]
[White "Budnar, Milos"]
[Black "Jacobs, Francois"]
[Result "0-1"]
[WhiteElo "1353"]
[BlackElo "1275"]
[PlyCount "70"]
[EventDate "2011.??.??"]
[EventType "tourn (corr)"]
[EventRounds "5"]
[SourceTitle "Corr 2022"]
[Source "ChessBase"]
[SourceDate "2021.10.24"]
[SourceVersion "1"]
[SourceVersionDate "2021.10.24"]
[SourceQuality "1"]

1. e4 c5 2. Nf3 e6 3. d3 Nc6 4. g3 d6 5. Bg2 Nf6 6. 0-0 Be7 7. Bg5 h6 8. Bxf6 Bxf6 9. Nc3 0-0 10. Re1 a6 11. Ne2 Qb6 12. Rb1 Bd7 13. b3 Rac8 14. c3 Rc7 15. a4 Rfc8 16. h4 Qa7 17. d4 cxd4 18. cxd4 Nb4 19. e5 Be7 20. Rc1 Nc2 21. Rf1 Qb6 22. Rb1 Na3 23. Rc1 Nc2 24. d5 exd5 25. Ne1 Ne3 26. Qd4 Qxd4 27. Nxd4 Nxf1 28. Rxc7 Rxc7 29. Bxf1 dxe5 30. Ne2 d4 31. Kh2 Bf5 32. Nf3 d3 33. Neg1 e4 34. Nd4 d2 35. Be2 Bd7 0-1